000 00445nam a2200181Ia 4500
001 21115
005 20260306172855.0
008 260306t2003||||xx |||||||||||||| ||spa||
041 _aESP
082 _a344
_bR87
100 _aRoxin, Claus [1931-...]
_eAUT
245 0 _aDesviación del curso causal y dolus generalis
260 _c2003
300 _a108 pƔginas :
_c23 cm.
650 _aGEN
654 _aCDE
942 _cLIB
_dJUS
_fJUS
_2ddc
_n
999 _c21115
_d21115